000 00483nam a2200181Ia 4500
003 GCL
008 140319s9999 xx 000 0 eng d
040 _aGCL /
_cGCL
082 0 4 _a932.2
_bD G
100 1 _aDUHAMEL, ALAIN
245 1 0 _aDE GAULLE - MITTERRAND: LA MARQUE ET LA TRACE /
_cDUHAMEL, ALAIN
260 _a[S.N] :
_bFLAMMARION ،
_c1981
490 _aLE LIVRE DE POCHE
_v0
650 0 4 _aMITTERAND, FRANCOIS
650 0 4 _aMEN
650 0 4 _aBIOGRAPHIES
942 _2ddc
_cBK
999 _c10558
_d10558